书目信息 |
| 题名: |
阿拉伯文明读本
|
|
| 作者: | 李楠 编著 | |
| 分册: | ||
| 出版信息: | 北京 中国档案出版社 2006 |
|
| 页数: | 137页 | |
| 开本: | 21cm | |
| 丛书名: | 世界文明之旅 | |
| 单 册: | ||
| 中图分类: | K370.03 | |
| 科图分类: | ||
| 主题词: | 文化史--阿拉伯国家 , 文化史 | |
| 电子资源: | ||
| ISBN: | 7-80166-522-8 | |
| 000 | 00856oam2 2200277 45 | |
| 001 | 012006061501 | |
| 005 | 20070116160910.67 | |
| 010 | @a7-80166-522-8@dCNY258.00(全10册) | |
| 092 | @aCN@b496489 | |
| 100 | @a20060615d2006 em y0chiy0121 ea | |
| 101 | 0 | @achi |
| 102 | @aCN@b110000 | |
| 105 | @aa z 000yy | |
| 200 | 1 | @a阿拉伯文明读本@Aa la bo wen ming du ben@f李楠编著@Fli nan bian zhu |
| 210 | @a北京@c中国档案出版社@d2006 | |
| 215 | @a137页@c图@d21cm | |
| 225 | 2 | @a世界文明之旅 |
| 320 | @a有书目 | |
| 330 | @a本书内容包括:蒙昧时代的阿拉伯半岛、阿拉伯帝国的兴衰、伊斯兰-----阿拉仁文化的源泉、阿拉伯哲学、阿拉伯文学艺术等。 | |
| 461 | 0 | @12001 @a世界文明之旅 |
| 606 | 0 | @a文化史@y阿拉伯国家 |
| 606 | 0 | @a文化史 |
| 690 | @aK370.03@v4 | |
| 701 | 0 | @a李楠@Ali nan@4编著 |
| 801 | 0 | @aCN@bLZJBOOK@c20070116 |
| 905 | @a10447@dK370.03@e10 | |
| 阿拉伯文明读本/李楠编著.-北京:中国档案出版社,2006 |
| 137页:图;21cm.-(世界文明之旅) |
| ISBN 7-80166-522-8:CNY258.00(全10册) |
| 本书内容包括:蒙昧时代的阿拉伯半岛、阿拉伯帝国的兴衰、伊斯兰-----阿拉仁文化的源泉、阿拉伯哲学、阿拉伯文学艺术等。 |
| ● |
| 相关链接 |
|
|
|
|
正题名:阿拉伯文明读本
索取号:K370.03/10
 
预约/预借
| 序号 | 登录号 | 条形码 | 馆藏地/架位号 | 状态 | 备注 |
| 1 | 0567731 | 205677310 | 第二样本阅览室/ [索取号:K370.03/10] | 在馆 | |
| 2 | 0567732 | 205677329 | 第二借阅区/ [索取号:K370.03/10] | 在馆 | |
| 3 | 0567733 | 205677338 | 第二借阅区/ [索取号:K370.03/10] | 在馆 | |
| 4 | 0567734 | 205677347 | 第二借阅区/ [索取号:K370.03/10] | 在馆 | |
| 5 | 0567735 | 205677356 | 第二借阅区/ [索取号:K370.03/10] | 在馆 | |
| 6 | 0567736 | 205677365 | 第二借阅区/ [索取号:K370.03/10] | 在馆 | |
| 7 | 0567737 | 205677374 | 第二借阅区/ [索取号:K370.03/10] | 在馆 | |
| 8 | 0567738 | 205677383 | 第二借阅区/ [索取号:K370.03/10] | 在馆 |